00481nam a22001577a 450000500170000000800410001702000180005804100130007608200150008910000250010424500830012925000190021226000340023130000330026565000250029820231128123900.0231128b |||||||| |||| 00| 0 eng d a9781405746229 aEnglish  a340.1 HAR  aHardee, M lEnglish  aLegal Education and training : bA practical guide for law firms / cM Hardee  aFirst Edition  aDurban : bLexisNexis, c2010 bxxxvi, 483 pages ; c26 cm.  aLegal practice bLaw